000 00473nam a2200181Ia 4500
005 20230822142359.0
008 131103s9999 xx 000 0 und d
040 _aLoreto College
041 _aEnglish
082 _a915.1
_bCHI
100 _aChih,Chung
245 3 _aAn outline of Chinese geography
_cChung Chih
260 _aPeking
_bForeign Language Press
_c1978
300 _a186,[44] p.
_b ill.,maps
650 _aChina - Geography
850 _aLCLIB
942 _cBK
999 _c3437
_d53916